| 000 | 00722nam a2200241 a 4500 | ||
|---|---|---|---|
| 001 | 67291 | ||
| 003 | BD-RjUL | ||
| 005 | 20211209081632.0 | ||
| 008 | 170323s1984 caua b 001 0 eng | ||
| 020 | _a0877353239 | ||
| 035 | _a(BD-RjUL)67422 | ||
| 040 |
_aDLC _cDLC _dBD-RjUL _beng |
||
| 041 | _aeng | ||
| 082 | 0 | 0 |
_a552.1 _223 _bMCI 1984 |
| 100 | 1 |
_aMcBirney, Alexander R. _9199379 |
|
| 245 | 1 | 0 |
_aIgneous petrology / _cAlexander R. McBirney ; illustrated by Christine McBirney. |
| 260 |
_aSan Francisco, Calif. : _bFreeman, Cooper, _cc1984. |
||
| 300 |
_a504 p. : _bill. ; _c24 cm. |
||
| 504 | _aIncludes index and bibliography | ||
| 650 | 0 |
_aIgneous rocks. _9199380 |
|
| 942 |
_2ddc _cBK |
||
| 999 |
_c67291 _d67291 |
||